BIBLIOTECA

SENCICO

El equipo y sus costos de operación / (Registro nro. 9796)

Detalles MARC
000 -LEADER
Campo de control de longitud fija 01703nam a22002777a 4500
003 - IDENTIFICADOR DEL NÚMERO DE CONTROL
Campo de control PE SENCICO BE
005 - FECHA Y HORA DE LA ÚLTIMA TRANSACCIÓN
Campo de control 20260227190334.0
008 - ELEMENTOS DE LONGITUD FIJA - INFORMACIÓN GENERAL
Campo de control de longitud fija 251219b |||||||| |||| 00| 0 eng d
040 ## - FUENTE DE CATALOGACIÓN
Origen de catalogación PE SENCICO BE
Agencia que realiza la transcripción PE SENCICO BE
041 ## - CÓDIGO DE IDIOMA
Idioma del texto spa
082 ## - NÚMERO DE CLASIFICACIÓN DECIMAL DEWEY
Código de Clasificación Dewey 690.0284
Notación Interna R21
Año de la edición 1991
100 1# - ASIENTO PRINCIPAL--NOMBRE PERSONAL
Autor Personal Ramos Salazar, Jesús
9 (RLIN) 165
Término relacionado autor
245 1# - MENCIÓN DEL TITULO
Título El equipo y sus costos de operación /
Mención de responsabilidad Jesús Ramos Salazar
250 ## - MENCIÓN DE EDICIÓN
Edición 2a ed.
260 ## - PUBLICACIÓN, DISTRIBUCIÓN, ETC. (PIE DE IMPRENTA)
Lugar de publicación, distribución, etc. Lima :
Nombre de la Editorial, Distribuidor, etc. Capeco ;
Fecha de publicación, distribución, etc. 1991
300 ## - DESCRIPCIÓN FÍSICA
Paginación 57 páginas :
Otros detalles físicos ilustraciones, tablas, diagramas ;
Dimensión 29 cm. x 21 cm.
504 ## - NOTA DE BIBLIOGRAFÍA, ETC.
Bibliografía (rango de páginas) Bibliografía: p.57
505 0# - NOTA DE CONTENIDO CON FORMATO PREESTABLECIDOE
Contenido o índice Costo de operación -- Análisis del alquiler horario de maquinarias y equipo de construcción
520 3# - NOTA DE RESUMEN, ETC.
Resumen, etc. Texto donde ayuda a los contratistas y propietarios de maquinarias a establecer costos en sus equipos que servirán para hacer presupuestos correctos y cumplir con sus objetivos de productividad. Este documento preparado en forma muy profesional y técnica no pretende establecer condiciones exactas de los costos de la maquinaria, sino más bien representan una posición promedio basada en la experiencia de los propietarios de maquinaria en el Perú, así como información proveniente de manuales de los principales fabricantes de maquinaria en el mundo; por lo tanto debe darse mucha importancia a la metodología en sí debiendo en todo caso hacerse los ajustes necesarios para cada condición de trabajo, de clima, ubicación entre otras variables que se puedan presentar.
650 10 - ASIENTO SECUNDARIO DE MATERIA - TERMINO TEMÁTICO
Término de tema o elemento de entrada de nombre geográfico Industria de la construcción
9 (RLIN) 355
650 20 - ASIENTO SECUNDARIO DE MATERIA - TERMINO TEMÁTICO
Término de tema o elemento de entrada de nombre geográfico Costos de construcción
9 (RLIN) 120
650 20 - ASIENTO SECUNDARIO DE MATERIA - TERMINO TEMÁTICO
Término de tema o elemento de entrada de nombre geográfico Maqunaria pesada
9 (RLIN) 516
650 20 - ASIENTO SECUNDARIO DE MATERIA - TERMINO TEMÁTICO
Término de tema o elemento de entrada de nombre geográfico PUB CAPECO
9 (RLIN) 515
910 ## - RESPONSABLE DEL REGISTRO
Coordinador de procesamiento de la información hfp
942 ## - ELEMENTOS DE KOHA
Fuente de clasificación o esquema de estanterías Dewey Decimal Classification
Tipo de documento Libros
999 ## -
-- 9796
-- 9796
Existencias
Estado Retiro Estado Perdido Sistema de Clasificación o Esquema de Estantería Estado Dañado No es para préstamo Ubicación Permanente Ubicación Actual Fecha de adquisición Total Checkouts Signatura topográfica completa Código de Barras Date last seen Precio efectivo desde Tipo de ítem Número de Ejemplar
    Dewey Decimal Classification     Biblioteca Trujillo Biblioteca Trujillo 19/12/2025   690.0284/R21/1991 BibZtruj25122570 19/12/2025 19/12/2025 Libros  
    Dewey Decimal Classification     Biblioteca Trujillo Biblioteca Trujillo 19/12/2025   690.0284/R21/1991/ej. 2 BibZtruj25122571 19/12/2025 19/12/2025 Libros 2